| 000 | 00870nam a2200277 4500 | ||
|---|---|---|---|
| 003 | CO-ViMGA | ||
| 020 | _a9789583028915 | ||
| 040 |
_aCO-ViMGA _bspa _cCO-ViMGA |
||
| 082 | 0 | 4 |
_a612.6 _bS15c |
| 100 | 1 |
_aSampson, Val. _96064 |
|
| 245 | 1 | 0 |
_aCómo tener el mejor sexo por el resto de su vida / _cVal Sampson, Julia Cole. |
| 260 |
_aColombia: _bPanamericana, _c2008. |
||
| 300 |
_a344 p. ; _b23 cm. |
||
| 490 | _aColección en armonia. | ||
| 500 | _aIncluye bibliografía e indice. | ||
| 534 | _tHow to have great sex for the rest of your life. | ||
| 650 | 1 | 4 |
_aEducación sexual. _92614 |
| 650 | 1 | 4 |
_aPlacer. _96068 |
| 650 | 1 | 4 |
_aRelaciones sexuales. _96066 |
| 650 | 1 | 4 |
_aSexo. _96067 |
| 650 | 1 | 4 |
_aSexualidad. _96065 |
| 700 | 1 |
_aCole, Julia. _96069 |
|
| 700 | 1 |
_aLópez de Mesa Oses, Ana, _eed. _96071 |
|
| 700 | 1 |
_aPeréz Calderón, Ana, _etr. _96070 |
|
| 942 | _cBK | ||
| 999 |
_c37440 _d37440 |
||